000 00816nam a2200181 i 4500
001 31172
003 ES-MaACL
005 20250815110833.0
007 t|
008 030128s1875 fr ||||1| fre d
100 1 _aBeguyer de Chancourtois, Alexandre-Emile.
_927043
245 1 0 _aDe la régularisation des travaux de géologie, de l'association des études de géologie, d'hydrologie et de météorologie, et de l'institution d'un relevé topographique et physique du territoire uniformément détaillé à l'échelle cadastrale de 10,000e, /
_cpar M. A.-E. Béguyer de Chancourtois.
260 _aParis :
_b[s.n.],
_c1875.
300 _aVI, 24 p., [1] h. pleg. ;
_c23 cm.
650 0 7 _aGeología
_2embne
_913086
852 _aES-MaACL
_jT-907-F-8
_z.- Legado Botella de Hornos
999 _c31172
_d31172